LEADER 01021oam 2200265z- 450 001 9910154823603321 005 20180629082850.0 010 $a1-68103-307-0 035 $a(CKB)3710000000972263 035 $a(EXLCZ)993710000000972263 100 $a20190224c2017uuuu -u- - 101 0 $aeng 200 10$aDodge Charger R/T /$fby Emily Rose Oachs 210 $cBellwether Media 311 $a1-62617-578-0 327 $aA smooth ride -- The history of Dodge -- Dodge charger R/T -- Technology and gear -- Today and the future. 330 $a"Engaging images accompany information about the Dodge Charger R/T. The combination of high-interest subject matter and light text is intended for students in grades 3 through 7"--$cProvided by publisher. 606 $aDodge Charger automobile$vJuvenile literature 615 0$aDodge Charger automobile 676 $a629.222/2 700 $aOachs$b Emily Rose$01080978 906 $aBOOK 912 $a9910154823603321 996 $aDodge Charger R$92891342 997 $aUNINA LEADER 01084nam0 22002771i 450 001 UON00042798 005 20231205102153.495 100 $a20020107d1963 |0itac50 ba 101 $ager 102 $aIT 105 $a|||| 1|||| 200 1 $aBabylonisch-assyrische lesestucke$fRiekele Borger 210 $aRoma$cPontificio Institutum Biblicum$d1963 215 $aLXXXIX, 118 p.$d66 p. di tav.$d32 cm 606 $aFILOLOGIA ASSIRO-BABILONESE$3UONC012700$2FI 620 $aIT$dRoma$3UONL000004 686 $aMES II$cMESOPOTAMIA - LINGUISTICA$2A 700 1$aBORGER$bRykle$3UONV005989$0453752 712 $aPontificio Istituto Biblico$3UONV245930$4650 790 1$aBORGER, Riekele$zBORGER, Rykle$3UONV022737 801 $aIT$bSOL$c20240220$gRICA 899 $aSIBA - SISTEMA BIBLIOTECARIO DI ATENEO$2UONSI 912 $aUON00042798 950 $aSIBA - SISTEMA BIBLIOTECARIO DI ATENEO$dSI MES II 001 $eSI SEM1936 5 001 996 $aBabylonisch-assyrische lesestucke$91153105 997 $aUNIOR